| 000 | 01913nam a2200529 a 4500 | ||
|---|---|---|---|
| 001 | sjds1104977 | ||
| 003 | sjds | ||
| 005 | 20220628215059.0 | ||
| 008 | 000912t19921992nyua j 000 1 spa d | ||
| 010 | _a 90086180 | ||
| 020 | _a0448410966 | ||
| 020 | _a9780448410968 | ||
| 020 | _a9780448451091 (Grosset pbk.) | ||
| 020 | _a0448451093 (Grosset pbk.) | ||
| 035 | _a127261 | ||
| 035 | _a(OCoLC)234448760 | ||
| 035 | _a127261 | ||
| 040 |
_aPWmBRO _dUtOrBLW _csjds |
||
| 041 | 1 |
_aspa _heng |
|
| 049 | _aIFAA | ||
| 099 | _aESPANOL PICTURE BOOKS PIPER | ||
| 100 | 1 |
_aPiper, Watty, _eauthor. |
|
| 240 | 1 | 0 |
_aLittle engine that could. _lSpanish |
| 245 | 1 | 3 |
_aLa pequena locomotora que si pudo / _crecontada por Watty Piper ; ilustrada por George y Doris Hauman ; traduccion de Alma Flor Ada. |
| 260 |
_aNew York : _bPlatt & Munk, _cc1992 |
||
| 264 | 1 |
_aNew York : _bPlatt & Munk, _c[1992] |
|
| 264 | 4 | _cc1992 | |
| 300 |
_a1 volume (unpaged) : _bcolor illustrations ; _c19 x 21 cm. |
||
| 336 |
_atext _btxt _2rdacontent |
||
| 337 |
_aunmediated _bn _2rdamedia |
||
| 338 |
_avolume _bnc _2rdacarrier |
||
| 490 | 1 | _aA Platt & Munk classic | |
| 500 | _a"Version original completa." | ||
| 500 | _a"From the Pony engine by Mabel C. Bragg"--T.p. verso. | ||
| 520 | _aWhen the other engines refuse, the Pequeña Locomotora Azul tries to pull a stranded train full of toys and good food over the mountain. | ||
| 526 | 0 |
_aAccelerated Reader _bLG _c3.5 _d0.5 _z5477SP |
|
| 650 | 0 |
_aRailroad trains _vJuvenile fiction. |
|
| 650 | 0 |
_aToys _vJuvenile fiction. |
|
| 650 | 7 |
_aJuguetes _vNovela juvenil. _2bidex |
|
| 650 | 7 |
_aFerrocarriles _xTrenes _vNovela juvenil. _2bidex |
|
| 700 | 1 |
_aHauman, George, _eillustrator. |
|
| 700 | 1 |
_aHauman, Doris, _eillustrator. |
|
| 700 | 1 | _aAda, Alma Flor. | |
| 700 | 1 |
_aBragg, Mabel Caroline, _d1870- _tPony engine. |
|
| 830 | 0 | _aPlatt & Munk classic. | |
| 942 | _cBK | ||
| 999 |
_c19074 _d19074 |
||